United States' Honorary Citizens Quiz Stats

 Plays Quiz Updated Feb 27, 2020

     
Support Sporcle.
Go Orange.
Score 0/8 Timer 03:00
1 Play Today
Nationality Name % Correct
BritishWinston Churchill
90.1%
AlbanianAgnes Gonxha Bojaxhiu (Mother Teresa)
79.7%
BritishWilliam Penn
69.2%
BritishHannah Penn
63.3%
FrenchThe Marquis de Lafayette
62.3%
PolishCasimir Pulaski
15.4%
SwedishRaoul Wallenberg
13.2%
SpanishBernardo de Gálvez
5.9%

From the Vault

Find That Movie! II

by AdamL

Movies 8m
This may or may not be easier than finding a movie to watch on Netflix.
Remove Ads.
Support Sporcle.
Get the best of Sporcle when you Go Orange. This ad-free experience offers more features, more stats, and more fun while also helping to support Sporcle. Thank you for becoming a member.

Show Comments

Extras

Top Quizzes Today


Score Distribution

Your Account Isn't Verified!

In order to create a playlist on Sporcle, you need to verify the email address you used during registration. Go to your Sporcle Settings to finish the process.

Report this User

Report this user for behavior that violates our Community Guidelines.

Details: